000 00621cam a22002174a 4500
005 20250605164308.0
008 250528s ||||||||||||||||||||||||d
035 _a22339
020 _a9789602093429
040 _aGR-AtMCL
_bgre
_dGR-AtMCL
_eAACR2
245 1 _aΑΡΧΙΤΕΚΤΟΝΙΚΟΣ ΣΧΕΔΙΑΣΜΟΣ ΚΑΙ ΕΦΑΡΜΟΓΕΣ
250 _a1
260 _bΚλειδάριθμος,
_c1998
300 _a221
520 _a1786 ΕΙΚΟΝΕΣ 108 ΠΙΝΑΚΕΣ 495 ΣΧΕΔΙΑ
700 1 _aNeff Ludwig
_94566
700 1 _aNeufert Peter
_94567
942 _cBK
999 _c7393
_d7393